| 000 | 01238nam a22003377a 4500 | ||
|---|---|---|---|
| 003 | CHAP | ||
| 005 | 20220817042929.0 | ||
| 008 | 971013s1991 r 10010 d | ||
| 010 | _a60215 | ||
| 011 | _a61187 | ||
| 035 | _a65351 | ||
| 040 | _cCHAP | ||
| 082 |
_a595.7063 _bC65 1991 |
||
| 111 | 0 | 0 |
_aCongreso Nacional de Entomología ( _n26 _d: 1991 _c: Veracruz, Ver.) _926944 |
| 245 | _aMemorias | ||
| 260 |
_aVeracruz, Ver. : _bEl Congreso, _c1991 |
||
| 300 |
_a544 p. _b: ilus. |
||
| 590 |
_aBATCH-UPD _b10 _c20130110 _lUCH01 _h1925 |
||
| 590 |
_aBATCH-UPD _b10 _c20130410 _lUCH01 _h1250 |
||
| 590 |
_aBATCH-UPD _b10 _c20130914 _lUCH01 _h1314 |
||
| 590 |
_aCONVERSION _b10 _c20130109 _lUCH01 _h1332 |
||
| 650 | 1 | 4 |
_aEntomología _xCongresos. _937123 |
| 650 | 1 | 4 |
_aInsectos _xAnatomía y fisiología. _958891 |
| 710 | 0 | _aSociedad Mexicana de Entomología. | |
| 901 | _aBK | ||
| 942 | _cLIBRO | ||
| 949 |
_a595.7063 C65 1991 _bBC _cCONG _d33724000083739 _eCONG _fc.3 _h90150 _i65351 _si |
||
| 949 |
_a595.7063 C65 1991 _bBC _cCONG _d33724000370482 _eCONG _fc.4 _h90151 _i65351 _si |
||
| 949 |
_a595.7063 C65 1991 _bBC _cLIBRO _d33724000083713 _eLIBRO _h90148 _i65351 _si |
||
| 949 |
_a595.7063 C65 1991 _bBC _cLIBRO _d33724000083721 _eLIBRO _fc.2 _h90149 _i65351 _sb |
||
| 999 |
_c60215 _d60215 |
||